Diálogos para novios : (Registro nro. 192209)

Detalles MARC
000 -LEADER
campo de control de longitud fija 00904nam a2200265 i 4500
001 - NÚMERO DE CONTROL
campo de control 192209
003 - IDENTIFICADOR DE NÚMERO DE CONTROL
campo de control ES-MaACL
005 - FECHA Y HORA DE LA ÚLTIMA TRANSACCIÓN
campo de control 20240207063027.0
008 - DATOS DE LONGITUD FIJA--INFORMACIÓN GENERAL
campo de control de longitud fija 221119s1972 xx ||||| |||||||| ||und|c
017 ## - NÚMERO DE COPYRIGHT O DE DEPÓSITO LEGAL
Número de copyright o de depósito legal M-14039-1970
Agencia que asigna Oficina Depósito Legal Madrid
040 ## - FUENTE DE CATALOGACIÓN
Centro catalogador/agencia de origen ES-BaURL
Lengua de catalogación cat
Normas de descripción rda
Centro/agencia transcriptor ES-BaURL
080 ## - NÚMERO DE LA CLASIFICACIÓN DECIMAL UNIVERSAL
Número de la Clasificación Decimal Universal 177.6
100 1# - ENTRADA PRINCIPAL--NOMBRE DE PERSONA
Nombre de persona Calvo, Gabriel,
Fechas asociadas al nombre 1927-
Término indicativo de función/relación Autor
9 (RLIN) 33840
245 10 - MENCIÓN DEL TÍTULO
Título Diálogos para novios :
Resto del título encuentro /
Mención de responsabilidad, etc. Gabriel Calvo
246 ## - FORMA VARIANTE DEL TITULO
Título propio/Titulo breve Encuentro :
Resto del título diálogos para novios
250 ## - MENCION DE EDICION
Mención de edición Segunda edición: mayo, 1972
260 ## - PUBLICACIÓN, DISTRIBUCIÓN, ETC.
Lugar de publicación, distribución, etc. Madrid :
Nombre del editor, distribuidor, etc. Alameda,
Fecha de publicación, distribución, etc. 1972.
300 ## - DESCRIPCIÓN FÍSICA
Extensión 201 páginas :
Otras características físicas ilustraciones (blanco y negro) ;
Dimensiones 21 cm
490 0# - MENCIÓN DE SERIE
Mención de serie Matrimonio
Designación de volumen o secuencia ; 9
650 #4 - PUNTO DE ACCESO ADICIONAL DE MATERIA--TÉRMINO DE MATERIA
9 (RLIN) 15640
Término de materia o nombre geográfico como elemento de entrada Noviazgo
852 4# - LOCALIZACIÓN
Ubicación ES-MaACL
Número de control de estantería N-8167
Sublocalización o colección R. 152937
Ubicación en estantería Depósito J
Donativo/Legado Donación: Editorial
itemnumber 199491
942 ## - ELEMENTOS DE ENTRADA SECUNDARIOS (KOHA)
Tipo de ítem Koha Libro impreso
Suprimir en OPAC No
Existencias
Estatus retirado Estado de pérdida Fuente del sistema de clasificación o colocación Estado de daño No para préstamo Biblioteca de origen Biblioteca actual Ubicación en estantería Fecha de adquisición Fuente de adquisición Total de préstamos Signatura topográfica completa Código de barras Visto por última vez Tipo de ítem Koha
    Clasificación decimal universal     Biblioteca del Ateneo de Madrid Biblioteca del Ateneo de Madrid Depósito J 19/11/2022 Donación   N-8167 101206641 23/02/2023 Libro impreso